| 000 | 00331nam a2200133Ia 4500 | ||
|---|---|---|---|
| 005 | 20260326235441.0 | ||
| 008 | 260326s9999||||xx |||||||||||||| ||und|| | ||
| 100 | _aJoedicke, Jürgen | ||
| 245 | 0 |
_aOffice Buildings / _cJürgen Joedicke |
|
| 260 | _bCrosby Lockwood | ||
| 300 | _a219 p. | ||
| 650 | _aARQUITECTURA CIVIL | ||
| 942 | _cBK | ||
| 999 |
_c7410 _d7410 |
||